La guerre d'Espagne : Un conflit qui a façonné l'Europe (notice n° 2197844)
[ vue normale ]
| 000 -LEADER | |
|---|---|
| fixed length control field | 01368cam a2200145 4500500 |
| 005 - DATE AND TIME OF LATEST TRANSACTION | |
| control field | 20260405085453.0 |
| 041 ## - LANGUAGE CODE | |
| Language code of text/sound track or separate title | fre |
| 042 ## - AUTHENTICATION CODE | |
| Authentication code | dc |
| 100 10 - MAIN ENTRY--PERSONAL NAME | |
| Personal name | Canal, Jordi |
| Relator term | author |
| 245 00 - TITLE STATEMENT | |
| Title | La guerre d'Espagne : Un conflit qui a façonné l'Europe |
| 260 ## - PUBLICATION, DISTRIBUTION, ETC. | |
| Name of publisher, distributor, etc. | Armand Colin,<br/> |
| Date of publication, distribution, etc. | 2016.<br/> |
| 520 ## - SUMMARY, ETC. | |
| Summary, etc. | La Guerre Civile espagnole ou guerre d’Espagne (1936-1939) marqua profondément l’histoire espagnole, mais aussi l’histoire européenne. Elle déborda les frontières pour devenir à la fois un conflit international et un conflit intérieur à certains pays comme la France, un conflit qui, par son déroulement même, ses lectures intellectuelles et ses conséquences aussi bien idéologiques que militaires, sociales que culturelles, façonna l’Europe. La mémoire de la guerre d’Espagne se développa à l’échelle des personnes, des sociétés, des nations, mettant à l’épreuve l’idée de la démocratie qui définissait profondément la conscience européenne et contribuant aussi à la reconstruire. Comptant parmi les meilleurs spécialistes du sujet, les auteurs de ce livre démontrent l’importance de l’événement pour comprendre l’histoire de l’Europe et de ses sociétés. |
| 700 10 - ADDED ENTRY--PERSONAL NAME | |
| Personal name | Duclert, Vincent |
| Relator term | author |
| 856 41 - ELECTRONIC LOCATION AND ACCESS | |
| Uniform Resource Identifier | <a href="https://shs.cairn.info/la-guerre-d-espagne--9782200616175?lang=fr&redirect-ssocas=7080">https://shs.cairn.info/la-guerre-d-espagne--9782200616175?lang=fr&redirect-ssocas=7080</a> |
Pas d'exemplaire disponible.




Réseaux sociaux